<?xml version="1.0" encoding="UTF-8"?>
<record
    xmlns:xsi="http://www.w3.org/2001/XMLSchema-instance"
    xsi:schemaLocation="http://www.loc.gov/MARC21/slim http://www.loc.gov/standards/marcxml/schema/MARC21slim.xsd"
    xmlns="http://www.loc.gov/MARC21/slim">

  <leader>01312nam a22001697a 4500</leader>
  <controlfield tag="008">120615t        xxu||||| |||| 00| 0 eng d</controlfield>
  <datafield tag="020" ind1=" " ind2=" ">
    <subfield code="a">0072457279</subfield>
  </datafield>
  <datafield tag="050" ind1=" " ind2=" ">
    <subfield code="a">HF5635.W695</subfield>
  </datafield>
  <datafield tag="100" ind1=" " ind2=" ">
    <subfield code="a">Wild, John J.</subfield>
  </datafield>
  <datafield tag="245" ind1=" " ind2=" ">
    <subfield code="a">Working papers for use with financial accounting: information for decisions. /</subfield>
    <subfield code="c">John J. Wild</subfield>
  </datafield>
  <datafield tag="250" ind1=" " ind2=" ">
    <subfield code="a">2nd ed.</subfield>
  </datafield>
  <datafield tag="260" ind1=" " ind2=" ">
    <subfield code="a">New York:</subfield>
    <subfield code="b">McGraw Hill,</subfield>
    <subfield code="c">c2003.</subfield>
  </datafield>
  <datafield tag="300" ind1=" " ind2=" ">
    <subfield code="a">657 p.:</subfield>
    <subfield code="b">ill.;</subfield>
    <subfield code="c">28cm.</subfield>
  </datafield>
  <datafield tag="505" ind1=" " ind2=" ">
    <subfield code="a">Contents: Accounting information for business decisions -- Accounting information system -- Reporting and preparing financial statements -- Reporting and analyzing merchandising activities -- Reporting and analyzing inventories -- Reporting and analyzing cash and internal controls -- Reporting and analyzing receivables and investments -- Reporting and analyzing long-term assets -- Reporting and analyzing current liabilities -- Reporting and analyzing long-term liabilities -- Reporting and analyzing equity -- Reporting and analyzing cash flows -- Financial statement analysis and interpretation -- Appendix B: Present and future values in accounting -- Appendix C: Reporting and analyzing long-term investments -- Appendix D: Reporting and analyzing partnerships -- Appendix E: Reporting and preparing special journals.</subfield>
  </datafield>
  <datafield tag="650" ind1=" " ind2=" ">
    <subfield code="b">Financial accounting</subfield>
  </datafield>
  <datafield tag="942" ind1=" " ind2=" ">
    <subfield code="2">lcc</subfield>
    <subfield code="c">BK</subfield>
  </datafield>
  <datafield tag="999" ind1=" " ind2=" ">
    <subfield code="c">1358</subfield>
    <subfield code="d">8858</subfield>
  </datafield>
  <datafield tag="952" ind1=" " ind2=" ">
    <subfield code="0">0</subfield>
    <subfield code="1">0</subfield>
    <subfield code="2">lcc</subfield>
    <subfield code="4">0</subfield>
    <subfield code="7">0</subfield>
    <subfield code="a">WIUC-1</subfield>
    <subfield code="b">WIUC-1</subfield>
    <subfield code="c">GEN</subfield>
    <subfield code="d">2012-06-15</subfield>
    <subfield code="l">0</subfield>
    <subfield code="o">HF5635.W695</subfield>
    <subfield code="p">2923/12</subfield>
    <subfield code="r">2012-06-15 00:00:00</subfield>
    <subfield code="w">2012-06-15</subfield>
    <subfield code="y">BK</subfield>
  </datafield>
</record>
